| 000 | 00492nmm a2200157Ia 4500 | ||
|---|---|---|---|
| 008 | 251105s9999||||xx |||||||||||||||||und|| | ||
| 020 | _a9789972429453 | ||
| 041 | _aspa | ||
| 100 | _aGiusti, Miguel (ed.) | ||
| 245 | 0 |
_aEl estado de la cuestión = Toleration : _b Tolerancia I |
|
| 264 |
_a[Lima, Peru] : _bPontificia Universidad Católica de Perú, _c2010 |
||
| 300 | _a533 páginas | ||
| 650 | _aCultural Studies | ||
| 856 | _uhttps://public.digitaliapublishing.com/a/9847 | ||
| 942 | _cCF | ||
| 999 |
_c97929 _d97929 |
||